Nguyễn Công Hoan toàn tập

Zapisane w:
Opis bibliograficzny
1. autor: Nguyễn Công Hoan
Format: Książka
Język:Undetermined
Wydane: H. Văn học 2003
Hasła przedmiotowe:
Etykiety: Dodaj etykietę
Nie ma etykietki, Dołącz pierwszą etykiete!
Thư viện lưu trữ: Trung tâm Học liệu Trường Đại học Cần Thơ
LEADER 00521nam a2200193Ia 4500
001 CTU_60201
008 210402s9999 xx 000 0 und d
020 |b 90000 
082 |a 895.922308 
082 |b H406/T.1 
100 |a Nguyễn Công Hoan 
245 0 |a Nguyễn Công Hoan toàn tập 
245 0 |c Nguyễn Công Hoan 
260 |a H. 
260 |b Văn học 
260 |c 2003 
650 |a short stories, vietnamese 
904 |i Minh 
980 |a Trung tâm Học liệu Trường Đại học Cần Thơ